Madame bovary /

Guardado en:
Autor Principal: Flaubert, Gustave
Formato: Libro
Publicado: Buenos Aires : Centro Editor de América Latina, 1969
Materias:
Etiquetas: Agregar Etiqueta
Sin Etiquetas, Sea el primero en etiquetar este registro!
LEADER 00570nam a22001935a 4500
001 CEM.cems002532
005 20060222000000.0
008 130507s1969##################000#0#####d
003 CEMS
082 0 4 |a 843.8 
100 1 |a Flaubert, Gustave 
245 1 0 |a Madame bovary / 
260 |a Buenos Aires :  |b Centro Editor de América Latina,  |c 1969 
300 |a 296 p. 
653 |a Literatura 
653 |a Novela francesa 
653 |a Novelas 
859 |a CEMS  |b BIB. CEMS - 11 de abril  |h 843.8  |i F617-1  |p 4629.75  |t Ej.2 
859 |a CEMS  |b BIB. CEMS - 11 de abril  |h 843.8  |i F617-1  |p 4630.75  |t Ej.1